[Event "CZE-ch U16"]
[Site "Sec u Chrudimi"]
[Date "2008.03.11"]
[Round "5"]
[White "Vala, Filip"]
[Black "Nguyen, Dinh Phong"]
[Result "1/2-1/2"]
[WhiteElo "2001"]
[BlackElo "1900"]
[PlyCount "93"]
[EventDate "2008.03.08"]
[EventType "swiss"]
[EventRounds "9"]
[EventCountry "CZE"]
[SourceTitle "EXT 2009"]
[Source "ChessBase"]
[SourceDate "2008.11.26"]
[SourceVersion "1"]
[SourceVersionDate "2008.11.26"]
[SourceQuality "1"]

1. e4 c5 2. Nf3 Nc6 3. d4 cxd4 4. Nxd4 Nf6 5. Nc3 e5 6. Ndb5 d6 7. Bg5 a6 8. Na3 b5 9. Bxf6 gxf6 10. Nd5 f5 11. c3 Bg7 12. exf5 Bxf5 13. Nc2 0-0 14. Nce3 Be6 15. Bd3 f5 16. 0-0 Ra7 17. a4 Ne7 18. Nxe7+ Rxe7 19. axb5 axb5 20. Bxb5 d5 21. Ra6 Kh8 22. Rxe6 Rxe6 23. Qxd5 Rd6 24. Qc5 f4 25. Nc4 Rd5 26. Qb4 f3 27. g3 Qb8 28. Na3 Rfd8 29. Qa4 Rd2 30. Qe4 Qa7 31. Nc2 Qb6 32. c4 Qg6 33. Qxg6 hxg6 34. Ne3 Rxb2 35. Bc6 Rf8 36. Be4 Bh6 37. Ng4 Kg7 38. h4 Re2 39. Bd5 e4 40. Rb1 Bd2 41. Rb7+ Kh8 42. Ne5 Rf6 43. Nf7+ Rxf7 44. Rxf7 Be1 45. Re7 Bxf2+ 46. Kf1 Bxg3 47. Rxe4 1/2-1/2